So sánh tự đánh giá của trẻ tại các Trung tâm bảo trợ xã hội với trẻ có hoàn cảnh bình thường ở Thành phố Hồ Chí Minh

Đã lưu trong:
Sonraí Bibleagrafaíochta
Príomhúdar: Bùi, Hồng Quân
Formáid: Leabhar
Teanga:Undetermined
Ábhair:
Rochtain Ar Líne:http://lrc.tdmu.edu.vn/opac/search/detail.asp?aID=2&ID=22855
Clibeanna: Cuir Clib Leis
Gan Chlibeanna, Bí ar an gcéad duine leis an taifead seo a chlibeáil!
Thư viện lưu trữ: Trung tâm Học liệu Trường Đại học Thủ Dầu Một
LEADER 00761nam a2200145Ia 4500
001 TDMU_22855
008 210410s9999 xx 000 0 und d
082 |a 153.45 
100 |a Bùi, Hồng Quân 
245 0 |a So sánh tự đánh giá của trẻ tại các Trung tâm bảo trợ xã hội với trẻ có hoàn cảnh bình thường ở Thành phố Hồ Chí Minh 
245 0 |c Bùi Hồng Quân 
300 |a Tr.63-71 
650 |a Thành phố Hồ Chí Minh ; Trẻ em; So sánh; Trung tâm bảo trợ xã hội ; Tự đánh giá; Chính trị xã hội 
856 |u http://lrc.tdmu.edu.vn/opac/search/detail.asp?aID=2&ID=22855 
980 |a Trung tâm Học liệu Trường Đại học Thủ Dầu Một